Normal view
MARC view
- Basta, Alfred.
Entry Personal Name
001 - CONTROL NUMBER
- control field: 28828
003 - CONTROL NUMBER IDENTIFIER
- control field: NUST
005 - DATE AND TIME OF LATEST TRANSACTION
- control field: 20200307102248.0
008 - FIXED-LENGTH DATA ELEMENTS
- fixed length control field: 200307|| aca||aabn | a|a d
040 ## - CATALOGING SOURCE
- Original cataloging agency: NUST
- Transcribing agency: NUST
100 ## - HEADING--PERSONAL NAME
- Personal name: Basta, Alfred.
670 ## - SOURCE DATA FOUND
- Source citation: Work cat.: (NUST)0: Basta, Alfred., Database security /, 2012.
